|
|
|
|
| LEADER |
00000nas a2200000 a 4500 |
| 001 |
ssj0011752 |
| 003 |
WaSeSS |
| 005 |
20200512172242.0 |
| 006 |
m d |
| 007 |
cr n |
| 008 |
751101c18969999nyuwr p s 0 a0eng d |
| 010 |
|
|
|a sn 78005343
|
| 016 |
|
|
|a (AMICUS)000000835236
|
| 016 |
7 |
|
|a 9877816
|2 DNLM
|
| 016 |
7 |
|
|a N16280000
|2 DNLM
|
| 022 |
|
|
|l 0028-7822
|y 0028-7822
|
| 035 |
|
|
|a (WaSeSS)ssj0011752
|
| 040 |
|
|
|a MUL
|b eng
|c MUL
|d NSD
|d IUL
|d RCS
|d AIP
|d NSD
|d AIP
|d HUL
|d OCL
|d NST
|d NSD
|d NST
|d NSD
|d NST
|d MUQ
|d NLM
|d OCLCQ
|d CUS
|d KNV
|d SINLB
|d KRTAS
|d OCLCQ
|d CUS
|d OCLCQ
|d OCLCO
|d VT2
|d OCLCF
|d OCLCO
|d NCU
|d P4I
|d OCL
|d OCLCO
|d OCL
|d OCLCO
|d OVY
|d OCLCO
|d CUS
|d DOS
|d OCLCO
|d OCL
|d OCLCO
|d DLC
|d PAU
|d DLC
|d OCLCQ
|d QE2
|d NLC
|d AVA
|d OCLCO
|d OCLCQ
|d OCLCO
|d P@N
|d DYJ
|d ZAS
|d OCLCO
|d CPO
|d OCLCO
|d HTM
|d OCLCO
|d OCLCQ
|d OCLCO
|d WaSeSS
|
| 042 |
|
|
|a nsdp
|a xlc
|
| 043 |
|
|
|a n-us-ny
|
| 050 |
0 |
0 |
|a Comic Book 13058
|
| 050 |
|
4 |
|a AP2
|b .N48
|
| 082 |
1 |
0 |
|a 051
|2 12
|
| 082 |
0 |
4 |
|a 071
|2 21
|
| 210 |
0 |
|
|a New York times mag.
|
| 222 |
|
4 |
|a The New York times magazine
|
| 245 |
0 |
4 |
|a The New York times magazine
|h [electronic resource].
|
| 260 |
|
|
|a [New York, N.Y.] :
|b [New York Times]
|
| 310 |
|
|
|a Weekly
|
| 362 |
1 |
|
|a Began in 1896.
|
| 506 |
|
|
|a License restrictions may limit access.
|
| 525 |
|
|
|a Some issues have supplements: Style & entertaining, Play: the New York times sports magazine, and Year in ideas.
|
| 580 |
|
|
|a Issued as a section in the Sunday ed. of: New York times.
|
| 580 |
|
|
|a Feature articles for 1972- reprinted in: New York times magazine. Compact edition; Dec. 1974- in: Compact New York times magazine.
|
| 588 |
0 |
|
|a Jan. 6, 1985; title from cover.
|
| 650 |
|
0 |
|a Arts
|v Periodicals.
|
| 650 |
|
0 |
|a Books
|v Reviews
|v Periodicals.
|
| 650 |
|
0 |
|a History
|v Periodicals.
|
| 650 |
|
0 |
|a World politics
|v Periodicals.
|
| 650 |
|
6 |
|a Arts
|v Périodiques.
|
| 650 |
|
6 |
|a Livres
|x Recensions
|v Périodiques.
|
| 650 |
|
6 |
|a Histoire
|v Périodiques.
|
| 650 |
|
6 |
|a Politique mondiale
|v Périodiques.
|
| 650 |
|
7 |
|a Arts.
|2 fast
|0 (OCoLC)fst00817721
|
| 650 |
|
7 |
|a Books.
|2 fast
|0 (OCoLC)fst00836401
|
| 650 |
|
7 |
|a World politics.
|2 fast
|0 (OCoLC)fst01181381
|
| 650 |
|
7 |
|a History.
|2 fast
|0 (OCoLC)fst00958235
|
| 651 |
|
0 |
|a New York (N.Y.)
|v Newspapers.
|
| 651 |
|
7 |
|a New York (State)
|z New York.
|2 fast
|0 (OCoLC)fst01204333
|
| 655 |
|
0 |
|a Electronic journals.
|
| 770 |
0 |
|
|t New York times magazine. Fashions of the times
|w (OCoLC)12655614
|
| 770 |
0 |
|
|t New York times magazine. Home design
|w (OCoLC)12992799
|
| 770 |
0 |
|
|t Sophisticated traveler (New York, N.Y.)
|w (OCoLC)28247251
|
| 770 |
0 |
|
|t T
|w (DLC) 2005252308
|w (OCoLC)56425907
|
| 772 |
1 |
|
|t New York times
|x 0362-4331
|w (DLC)sn 78004456
|w (OCoLC)1645522
|
| 787 |
1 |
|
|t New York times magazine.
|b Compact ed.
|x 0362-1308
|w (DLC) 76640207
|w (OCoLC)2250735
|
| 787 |
1 |
|
|t Compact New York times magazine
|x 0362-1251
|w (DLC) 76642602
|w (OCoLC)3143310
|
| 850 |
|
|
|a PU
|
| 856 |
4 |
0 |
|z Full text available from Research Library: 01/05/1997 to present
|u https://search.proquest.com/publication/45547
|